Atlas mundial de las religiones

Kaydedildi:
Detaylı Bibliyografya
Yazar: Smart, Ninian (Yazar)
Materyal Türü: Kitap
Dil:İspanyolca
Baskı/Yayın Bilgisi: Colonia Könemann 2000
Konular:
Etiketler: Etiketle
Etiket eklenmemiş, İlk siz ekleyin!

MARC

LEADER 00000nam a2200000 a 4500
001 UCL3524
003 CL-VaPUC
008 031128e20000000GW |||||||||||||||||spa|d
020 |a 3829021534 
082 0 4 |a 291  |b SMA  |2 21 
100 0 |a Smart, Ninian  |e author  |9 480832 
245 1 0 |a Atlas mundial de las religiones 
300 |a 240 p 
942 |c BK 
945 |d 20031128 00:00:00  |a cmena 
260 |a Colonia  |b Könemann  |c 2000 
650 7 |a RELIGION COMPARADA  |2 CL-VaPUC  |9 480833 
650 0 |a Historia de la religión  |9 313185 
650 7 |a DISTRIBUCION GFEOGRAFICA  |2 CL-VaPUC  |9 480834 
583 |a last modification  |c 20031128 00:00:00  |k Rodrigo Vera 
999 |c 306553  |d 306551 
952 |0 0  |1 0  |4 0  |6 291_000000000000000_SMA_2000  |7 0  |8 F  |9 371612  |a BIBTEO  |b BIBTEO  |d 2019-11-21  |i 3969657  |o 291 SMA 2000  |p 3969657  |r 2025-01-17  |w 2019-11-21  |y BK_F  |k ICR